Seminar Kebangsaan Budaya Kerja Cemerlang (1989 November 28-29:INTAN, Kuala Lumpur) Anjuran Bersama Jabatan Perkhidmatan Awam, Kementerian Belia dan Sukan,Unit Pemodenan Tadbiran Malaysia dan Pusat Daya Pengeluaran Negara

Bibliographic Details
Format: Book

MARC

LEADER 00000cam a2200000 7i4500
001 0000006407
005 20000204.0
040 |a INS 
090 0 0 |a S29 
245 0 0 |a Seminar Kebangsaan Budaya Kerja Cemerlang (1989 November 28-29:INTAN, Kuala Lumpur) Anjuran Bersama Jabatan Perkhidmatan Awam, Kementerian Belia dan Sukan,Unit Pemodenan Tadbiran Malaysia dan Pusat Daya Pengeluaran Negara 
999 |a S000000087   |b BOOK   |c Seminar   |e Default branch